[Event "Russian Rapid Championship (m)"]
[Site "Sochi"]
[Date "2022.10.16"]
[Round "9.12"]
[White "Turov, Maxim"]
[Black "Khubukshanov, Erdem"]
[Result "1-0"]
[BlackElo "2421"]
[WhiteElo "2528"]
[LiveChessVersion "1.4.8"]

1. e4 {[%clk 0:15:19]} c5 {[%clk 0:15:19]} 2. Nc3 {[%clk 0:15:28]} d6
{[%clk 0:15:17]} 3. d4 {[%clk 0:15:36]} cxd4 {[%clk 0:15:25]} 4. Qxd4
{[%clk 0:15:45]} Nc6 {[%clk 0:15:34]} 5. Qd2 {[%clk 0:15:53]} g6 {[%clk 0:15:42]}
6. b3 {[%clk 0:16:02]} Bh6 {[%clk 0:15:50]} 7. f4 {[%clk 0:16:10]} Nf6
{[%clk 0:15:58]} 8. Bb2 {[%clk 0:16:15]} e5 {[%clk 0:15:59]} 9. g3
{[%clk 0:16:20]} O-O {[%clk 0:16:04]} 10. O-O-O {[%clk 0:16:22]} Nd4
{[%clk 0:13:42]} 11. Nge2 {[%clk 0:15:11]} Bg4 {[%clk 0:13:37]} 12. Nxd4
{[%clk 0:15:19]} Bxd1 {[%clk 0:12:51]} 13. Qxd1 {[%clk 0:15:02]} exd4
{[%clk 0:12:47]} 14. Qxd4 {[%clk 0:14:55]} Bg7 {[%clk 0:12:51]} 15. Bg2
{[%clk 0:14:29]} Re8 {[%clk 0:11:54]} 16. Qb4 {[%clk 0:14:11]} Ng4
{[%clk 0:09:40]} 17. Bf3 {[%clk 0:13:17]} a5 {[%clk 0:07:20]} 18. Qxb7
{[%clk 0:12:08]} Rb8 {[%clk 0:06:46]} 19. Qd5 {[%clk 0:10:08]} Nf6
{[%clk 0:06:06]} 20. Qd3 {[%clk 0:10:01]} Qb6 {[%clk 0:04:38]} 21. Rd1
{[%clk 0:09:43]} Qf2 {[%clk 0:04:37]} 22. Rd2 {[%clk 0:08:10]} Qe1+
{[%clk 0:04:35]} 23. Nd1 {[%clk 0:07:32]} Nxe4 {[%clk 0:03:22]} 24. Bxe4
{[%clk 0:05:45]} Bxb2+ {[%clk 0:03:18]} 25. Kxb2 {[%clk 0:05:53]} Rxe4
{[%clk 0:03:25]} 26. Qxd6 {[%clk 0:05:06]} Ree8 {[%clk 0:02:55]} 27. Nc3
{[%clk 0:04:44]} Rbd8 {[%clk 0:02:59]} 28. Qxd8 {[%clk 0:04:52]} Rxd8
{[%clk 0:03:08]} 29. Rxd8+ {[%clk 0:05:00]} Kg7 {[%clk 0:03:17]} 30. Rd3
{[%clk 0:03:58]} Kf6 {[%clk 0:02:08]} 31. Nd5+ {[%clk 0:03:47]} Kf5
{[%clk 0:02:05]} 32. h3 {[%clk 0:03:03]} h5 {[%clk 0:01:59]} 33. Re3
{[%clk 0:03:00]} 1-0

[Event "Russian Rapid Championship (m)"]
[Site "Sochi"]
[Date "2022.10.16"]
[Round "9.13"]
[White "Gutenev, Alexander"]
[Black "Demidov, Mikhail"]
[Result "1/2-1/2"]
[BlackElo "2488"]
[WhiteElo "2437"]
[LiveChessVersion "1.4.8"]

1. e4 {[%clk 0:15:17]} g6 {[%clk 0:14:53]} 2. d4 {[%clk 0:15:24]} Bg7
{[%clk 0:15:02]} 3. Nf3 {[%clk 0:15:32]} d6 {[%clk 0:15:10]} 4. Nc3
{[%clk 0:15:35]} a6 {[%clk 0:15:17]} 5. a4 {[%clk 0:15:43]} Nf6 {[%clk 0:14:25]}
6. Be2 {[%clk 0:15:50]} O-O {[%clk 0:14:30]} 7. O-O {[%clk 0:15:57]} Nc6
{[%clk 0:14:38]} 8. h3 {[%clk 0:16:00]} e5 {[%clk 0:14:46]} 9. dxe5
{[%clk 0:15:33]} dxe5 {[%clk 0:14:51]} 10. Be3 {[%clk 0:14:53]} Be6
{[%clk 0:13:50]} 11. Ng5 {[%clk 0:14:20]} Qe7 {[%clk 0:11:52]} 12. Nxe6
{[%clk 0:14:25]} fxe6 {[%clk 0:10:44]} 13. Qd3 {[%clk 0:10:58]} Rad8
{[%clk 0:08:55]} 14. Qc4 {[%clk 0:11:06]} Nd4 {[%clk 0:08:59]} 15. Bd1
{[%clk 0:09:35]} h5 {[%clk 0:06:48]} 16. b4 {[%clk 0:08:31]} Kh7 {[%clk 0:06:44]}
17. Rb1 {[%clk 0:07:58]} c6 {[%clk 0:06:27]} 18. a5 {[%clk 0:07:10]} Ne8
{[%clk 0:04:11]} 19. Qc5 {[%clk 0:02:21]} Qh4 {[%clk 0:03:03]} 20. Qb6
{[%clk 0:02:06]} Nd6 {[%clk 0:03:00]} 21. Qc5 {[%clk 0:01:09]} Nxe4
{[%clk 0:01:10]} 22. Nxe4 {[%clk 0:01:14]} Qxe4 {[%clk 0:01:18]} 23. Rc1
{[%clk 0:01:03]} Nf5 {[%clk 0:00:37]} 24. Bg5 {[%clk 0:00:53]} Bf6
{[%clk 0:00:20]} 25. Bf3 {[%clk 0:00:42]} Qd4 {[%clk 0:00:29]} 26. Bxf6
{[%clk 0:00:40]} Rxf6 {[%clk 0:00:21]} 27. Rfe1 {[%clk 0:00:38]} Qxc5
{[%clk 0:00:29]} 28. bxc5 {[%clk 0:00:47]} Nd4 {[%clk 0:00:35]} 29. Be4
{[%clk 0:00:56]} Kg7 {[%clk 0:00:27]} 30. Rb1 {[%clk 0:01:04]} Rd7
{[%clk 0:00:34]} 31. Bd3 {[%clk 0:00:59]} Rff7 {[%clk 0:00:21]} 32. Rxe5
{[%clk 0:01:01]} Rd5 {[%clk 0:00:30]} 33. Re4 {[%clk 0:01:01]} e5
{[%clk 0:00:25]} 34. Bc4 {[%clk 0:00:59]} Kf6 {[%clk 0:00:19]} 35. Bxd5
{[%clk 0:00:49]} cxd5 {[%clk 0:00:27]} 36. Rb6+ {[%clk 0:00:57]} Nc6
{[%clk 0:00:15]} 37. Reb4 {[%clk 0:00:57]} Kg7 {[%clk 0:00:18]} 38. Ra4
{[%clk 0:00:43]} Rc7 {[%clk 0:00:22]} 39. c3 {[%clk 0:00:43]} Kh6
{[%clk 0:00:16]} 40. h4 {[%clk 0:00:50]} Kg7 {[%clk 0:00:23]} 41. f3
{[%clk 0:00:59]} d4 {[%clk 0:00:18]} 42. cxd4 {[%clk 0:01:05]} exd4
{[%clk 0:00:27]} 43. Kf2 {[%clk 0:01:12]} Re7 {[%clk 0:00:36]} 44. Ra2
{[%clk 0:01:14]} Kf7 {[%clk 0:00:33]} 45. Ra4 {[%clk 0:00:37]} Kg7
{[%clk 0:00:37]} 46. f4 {[%clk 0:00:40]} Kf7 {[%clk 0:00:39]} 47. g3
{[%clk 0:00:47]} Kg7 {[%clk 0:00:45]} 48. Rxc6 {[%clk 0:00:26]} bxc6
{[%clk 0:00:50]} 49. Rxd4 {[%clk 0:00:34]} Rb7 {[%clk 0:00:48]} 50. Rd6
{[%clk 0:00:43]} Rb5 {[%clk 0:00:57]} 51. Rxc6 {[%clk 0:00:51]} Rxa5
{[%clk 0:01:06]} 52. Kf3 {[%clk 0:00:55]} Ra3+ {[%clk 0:01:10]} 53. Ke4
{[%clk 0:01:03]} a5 {[%clk 0:01:19]} 54. f5 {[%clk 0:01:07]} gxf5+
{[%clk 0:01:24]} 55. Kf4 {[%clk 0:01:13]} Rc3 {[%clk 0:01:21]} 56. Rc7+
{[%clk 0:01:13]} Kf6 {[%clk 0:01:25]} 57. Rc6+ {[%clk 0:01:22]} Kg7
{[%clk 0:01:34]} 58. Kxf5 {[%clk 0:01:18]} Rxg3 {[%clk 0:01:17]} 59. Ra6
{[%clk 0:01:22]} Kf7 {[%clk 0:00:47]} 60. Rxa5 {[%clk 0:01:22]} Rg4
{[%clk 0:00:17]} 61. Ra7+ {[%clk 0:01:08]} Ke8 {[%clk 0:00:26]} 62. c6
{[%clk 0:01:04]} Kd8 {[%clk 0:00:20]} 63. Rh7 {[%clk 0:00:46]} Rxh4
{[%clk 0:00:23]} 64. Kg5 {[%clk 0:00:54]} Rh1 {[%clk 0:00:31]} 1/2-1/2

[Event "Russian Rapid Championship (m)"]
[Site "Sochi"]
[Date "2022.10.16"]
[Round "9.14"]
[White "Iljin, Timofey"]
[Black "Bryakin, Mikhail"]
[Result "1/2-1/2"]
[BlackElo "2369"]
[WhiteElo "2488"]
[LiveChessVersion "1.4.8"]

1. d4 {[%clk 0:15:19]} d5 {[%clk 0:15:18]} 2. c4 {[%clk 0:15:27]} e6
{[%clk 0:15:26]} 3. Nc3 {[%clk 0:15:36]} Nf6 {[%clk 0:15:35]} 4. cxd5
{[%clk 0:15:44]} Nxd5 {[%clk 0:15:43]} 5. e4 {[%clk 0:15:53]} Nxc3
{[%clk 0:15:51]} 6. bxc3 {[%clk 0:16:01]} c5 {[%clk 0:16:00]} 7. Rb1
{[%clk 0:16:10]} Nc6 {[%clk 0:15:48]} 8. Nf3 {[%clk 0:16:17]} Qc7
{[%clk 0:15:34]} 9. Bc4 {[%clk 0:13:03]} Be7 {[%clk 0:15:12]} 10. O-O
{[%clk 0:13:10]} O-O {[%clk 0:15:16]} 11. Qe2 {[%clk 0:13:00]} b6
{[%clk 0:15:05]} 12. Be3 {[%clk 0:11:49]} Na5 {[%clk 0:14:54]} 13. Bd3
{[%clk 0:11:43]} Bb7 {[%clk 0:15:03]} 14. h4 {[%clk 0:11:12]} h6 {[%clk 0:14:55]}
15. h5 {[%clk 0:11:10]} f5 {[%clk 0:14:39]} 16. Ne5 {[%clk 0:09:45]} Bd6
{[%clk 0:10:21]} 17. exf5 {[%clk 0:07:25]} Bxe5 {[%clk 0:10:11]} 18. dxe5
{[%clk 0:07:31]} Qxe5 {[%clk 0:09:14]} 19. fxe6 {[%clk 0:07:30]} Qxe6
{[%clk 0:09:00]} 20. Rfe1 {[%clk 0:06:18]} Rae8 {[%clk 0:08:19]} 21. Rbd1
{[%clk 0:06:16]} Bd5 {[%clk 0:07:06]} 22. Bg6 {[%clk 0:05:29]} Re7
{[%clk 0:06:05]} 23. Qd2 {[%clk 0:04:05]} Bxg2 {[%clk 0:04:45]} 24. Kxg2
{[%clk 0:03:51]} Qg4+ {[%clk 0:04:53]} 25. Kf1 {[%clk 0:03:50]} Qh3+
{[%clk 0:04:46]} 26. Kg1 {[%clk 0:03:52]} Qg4+ {[%clk 0:04:28]} 27. Kf1
{[%clk 0:03:58]} Qh3+ {[%clk 0:04:35]} 28. Kg1 {[%clk 0:03:59]} Qg4+
{[%clk 0:04:28]} 29. Kf1 {[%clk 0:04:07]} Qh3+ {[%clk 0:04:36]} 1/2-1/2

[Event "Russian Rapid Championship (m)"]
[Site "Sochi"]
[Date "2022.10.16"]
[Round "9.15"]
[White "Dzhumagaliev, Yan"]
[Black "Vlasenko, Miroslav"]
[Result "1/2-1/2"]
[BlackElo "2312"]
[WhiteElo "2479"]
[LiveChessVersion "1.4.8"]

1. Nf3 {[%clk 0:15:18]} f5 {[%clk 0:15:19]} 2. d4 {[%clk 0:15:26]} Nf6
{[%clk 0:15:26]} 3. c4 {[%clk 0:15:32]} g6 {[%clk 0:15:34]} 4. Nc3
{[%clk 0:15:36]} Bg7 {[%clk 0:15:42]} 5. g3 {[%clk 0:15:44]} O-O {[%clk 0:15:49]}
6. Bg2 {[%clk 0:15:53]} d6 {[%clk 0:15:57]} 7. O-O {[%clk 0:15:59]} Qe8
{[%clk 0:16:06]} 8. d5 {[%clk 0:15:32]} a5 {[%clk 0:16:12]} 9. Nd4
{[%clk 0:14:52]} Na6 {[%clk 0:16:09]} 10. e4 {[%clk 0:14:36]} fxe4
{[%clk 0:15:53]} 11. Nxe4 {[%clk 0:14:42]} Nxe4 {[%clk 0:15:17]} 12. Bxe4
{[%clk 0:14:50]} Bh3 {[%clk 0:14:20]} 13. Bg2 {[%clk 0:14:41]} Bxg2
{[%clk 0:13:39]} 14. Kxg2 {[%clk 0:14:50]} Nc5 {[%clk 0:12:49]} 15. Be3
{[%clk 0:12:39]} c6 {[%clk 0:10:07]} 16. Nf3 {[%clk 0:11:11]} b6 {[%clk 0:09:06]}
17. Bd4 {[%clk 0:08:56]} Bxd4 {[%clk 0:07:46]} 18. Qxd4 {[%clk 0:08:14]} Qf7
{[%clk 0:05:33]} 19. Ng5 {[%clk 0:08:00]} Qg7 {[%clk 0:03:40]} 20. Qxg7+
{[%clk 0:05:56]} Kxg7 {[%clk 0:03:49]} 21. dxc6 {[%clk 0:06:04]} Rac8
{[%clk 0:03:41]} 22. Rfe1 {[%clk 0:05:38]} Rxc6 {[%clk 0:03:09]} 23. Rad1
{[%clk 0:04:29]} h6 {[%clk 0:02:34]} 24. Nh3 {[%clk 0:03:55]} Rf7
{[%clk 0:01:28]} 25. Nf4 {[%clk 0:03:52]} g5 {[%clk 0:01:36]} 26. Nd5
{[%clk 0:03:57]} Kf8 {[%clk 0:01:35]} 27. b3 {[%clk 0:03:51]} Nd7
{[%clk 0:01:32]} 28. Re2 {[%clk 0:02:06]} a4 {[%clk 0:01:25]} 29. Rde1
{[%clk 0:01:55]} Ne5 {[%clk 0:01:29]} 30. f4 {[%clk 0:01:04]} gxf4
{[%clk 0:01:38]} 31. gxf4 {[%clk 0:00:41]} Nd3 {[%clk 0:01:10]} 32. Rf1
{[%clk 0:00:45]} Nc5 {[%clk 0:01:00]} 33. Rf3 {[%clk 0:00:43]} axb3
{[%clk 0:01:02]} 34. axb3 {[%clk 0:00:52]} e6 {[%clk 0:01:10]} 35. Nb4
{[%clk 0:00:35]} Rc8 {[%clk 0:01:17]} 36. Nc2 {[%clk 0:00:40]} e5
{[%clk 0:01:06]} 37. fxe5 {[%clk 0:00:33]} dxe5 {[%clk 0:01:12]} 38. Rxf7+
{[%clk 0:00:16]} Kxf7 {[%clk 0:01:21]} 39. Rxe5 {[%clk 0:00:17]} Nxb3
{[%clk 0:01:30]} 40. Rb5 {[%clk 0:00:18]} Rxc4 {[%clk 0:01:17]} 1/2-1/2

[Event "Russian Rapid Championship (m)"]
[Site "Sochi"]
[Date "2022.10.16"]
[Round "9.16"]
[White "Vastrukhin, Oleg"]
[Black "Faizrakhmanov, Ramil"]
[Result "1/2-1/2"]
[BlackElo "2475"]
[WhiteElo "2358"]
[LiveChessVersion "1.4.8"]

1. Nf3 {[%clk 0:15:17]} d5 {[%clk 0:15:18]} 2. g3 {[%clk 0:15:25]} Nf6
{[%clk 0:15:26]} 3. Bg2 {[%clk 0:15:33]} c6 {[%clk 0:15:30]} 4. O-O
{[%clk 0:15:40]} Bg4 {[%clk 0:15:38]} 5. Ne5 {[%clk 0:15:47]} Bh5
{[%clk 0:15:20]} 6. d4 {[%clk 0:15:54]} e6 {[%clk 0:15:26]} 7. c4
{[%clk 0:15:59]} Nbd7 {[%clk 0:15:06]} 8. Nc3 {[%clk 0:16:02]} Be7
{[%clk 0:15:04]} 9. Qb3 {[%clk 0:16:08]} Qb6 {[%clk 0:15:06]} 10. Nxd7
{[%clk 0:16:15]} Nxd7 {[%clk 0:15:07]} 11. e4 {[%clk 0:16:15]} Qxb3
{[%clk 0:14:39]} 12. axb3 {[%clk 0:16:23]} dxe4 {[%clk 0:14:38]} 13. Nxe4
{[%clk 0:16:30]} Bg6 {[%clk 0:13:44]} 14. Be3 {[%clk 0:15:59]} O-O
{[%clk 0:13:43]} 15. h3 {[%clk 0:15:51]} a6 {[%clk 0:13:40]} 16. Rfd1
{[%clk 0:14:38]} Rfd8 {[%clk 0:12:57]} 17. d5 {[%clk 0:11:36]} exd5
{[%clk 0:08:51]} 18. cxd5 {[%clk 0:11:44]} Bxe4 {[%clk 0:07:39]} 19. Bxe4
{[%clk 0:10:35]} Nf6 {[%clk 0:07:46]} 20. dxc6 {[%clk 0:09:26]} Nxe4
{[%clk 0:07:14]} 21. cxb7 {[%clk 0:09:33]} Rab8 {[%clk 0:06:39]} 22. Rxd8+
{[%clk 0:09:36]} Rxd8 {[%clk 0:04:12]} 23. Bf4 {[%clk 0:05:46]} Bd6
{[%clk 0:04:11]} 24. Rd1 Rb8 25. Bxd6 {[%clk 0:05:47]} Rxb7 {[%clk 0:04:27]} 26.
Ba3 {[%clk 0:04:50]} h6 {[%clk 0:03:47]} 27. Rd4 {[%clk 0:04:52]} f5
{[%clk 0:03:36]} 28. Rd5 {[%clk 0:03:32]} Rb5 {[%clk 0:03:07]} 29. Rxb5
{[%clk 0:02:53]} axb5 {[%clk 0:03:16]} 30. Bb4 {[%clk 0:03:02]} Kf7
{[%clk 0:02:42]} 31. Kg2 {[%clk 0:03:02]} Ke6 {[%clk 0:01:48]} 32. f3
{[%clk 0:02:58]} Nf6 {[%clk 0:01:09]} 33. Bc3 {[%clk 0:03:07]} g5
{[%clk 0:00:58]} 34. Bxf6 {[%clk 0:03:06]} Kxf6 {[%clk 0:01:07]} 35. Kf2
{[%clk 0:02:56]} f4 {[%clk 0:00:51]} 36. gxf4 {[%clk 0:01:49]} gxf4
{[%clk 0:01:00]} 37. Ke2 {[%clk 0:01:47]} Ke5 {[%clk 0:00:36]} 38. Kd3
{[%clk 0:01:54]} Kd5 {[%clk 0:00:43]} 39. h4 {[%clk 0:01:46]} h5 {[%clk 0:00:46]}
40. b4 {[%clk 0:00:29]} Ke5 {[%clk 0:00:54]} 41. b3 {[%clk 0:00:37]} 1/2-1/2

[Event "Russian Rapid Championship (m)"]
[Site "Sochi"]
[Date "2022.10.16"]
[Round "9.17"]
[White "Kezin, Roman"]
[Black "Gabdushev, Ruslan"]
[Result "1-0"]
[BlackElo "2262"]
[WhiteElo "2471"]
[LiveChessVersion "1.4.8"]

1. d4 {[%clk 0:15:19]} Nc6 {[%clk 0:15:11]} 2. Nf3 {[%clk 0:13:49]} d6
{[%clk 0:15:15]} 3. e4 {[%clk 0:12:41]} Nf6 {[%clk 0:15:02]} 4. Nc3
{[%clk 0:12:38]} Bg4 {[%clk 0:15:01]} 5. d5 {[%clk 0:12:23]} Nb8 {[%clk 0:14:27]}
6. Be2 {[%clk 0:10:23]} Bxf3 {[%clk 0:14:24]} 7. gxf3 {[%clk 0:10:03]} c6
{[%clk 0:13:37]} 8. Be3 {[%clk 0:09:22]} Qa5 {[%clk 0:12:38]} 9. Qd2
{[%clk 0:09:24]} g6 {[%clk 0:12:31]} 10. O-O-O {[%clk 0:06:09]} Nbd7
{[%clk 0:12:01]} 11. f4 {[%clk 0:03:37]} cxd5 {[%clk 0:10:35]} 12. e5
{[%clk 0:01:24]} dxe5 {[%clk 0:08:26]} 13. fxe5 {[%clk 0:01:34]} Nxe5
{[%clk 0:07:24]} 14. Nxd5 {[%clk 0:01:43]} Qxd2+ {[%clk 0:05:26]} 15. Rxd2
{[%clk 0:01:52]} Nxd5 {[%clk 0:05:30]} 16. Rxd5 {[%clk 0:01:57]} Nc6
{[%clk 0:05:33]} 17. Rhd1 {[%clk 0:01:59]} Bg7 {[%clk 0:04:46]} 18. Rd7
{[%clk 0:01:46]} Rb8 {[%clk 0:03:25]} 19. Bb5 {[%clk 0:00:31]} O-O
{[%clk 0:03:08]} 20. Bxc6 {[%clk 0:00:13]} bxc6 {[%clk 0:03:16]} 21. b3
{[%clk 0:00:15]} a5 {[%clk 0:02:12]} 22. a4 {[%clk 0:00:24]} e6 {[%clk 0:01:08]}
23. Ra7 {[%clk 0:00:18]} Bc3 {[%clk 0:01:10]} 24. Rd3 {[%clk 0:00:15]} Bb4
{[%clk 0:01:01]} 25. c3 {[%clk 0:00:20]} Ba3+ {[%clk 0:01:03]} 26. Kc2
{[%clk 0:00:29]} c5 {[%clk 0:01:02]} 27. c4 {[%clk 0:00:21]} Bb4 {[%clk 0:01:10]}
28. Rdd7 {[%clk 0:00:30]} Kg7 {[%clk 0:00:58]} 29. Rac7 {[%clk 0:00:22]} Rbd8
{[%clk 0:00:56]} 30. Bxc5 {[%clk 0:00:18]} Bxc5 {[%clk 0:00:37]} 31. Rxd8
{[%clk 0:00:27]} Rxd8 {[%clk 0:00:43]} 32. Rxc5 {[%clk 0:00:35]} Rd4
{[%clk 0:00:45]} 33. Rxa5 {[%clk 0:00:43]} Rf4 {[%clk 0:00:55]} 34. Ra8
{[%clk 0:00:12]} Rxf2+ {[%clk 0:00:54]} 35. Kc3 {[%clk 0:00:21]} e5
{[%clk 0:00:53]} 36. c5 {[%clk 0:00:28]} Rf1 {[%clk 0:00:39]} 37. Re8
{[%clk 0:00:30]} Rc1+ {[%clk 0:00:41]} 38. Kb4 {[%clk 0:00:38]} f6
{[%clk 0:00:49]} 39. a5 {[%clk 0:00:26]} Kf7 {[%clk 0:00:58]} 40. Rd8
{[%clk 0:00:27]} e4 {[%clk 0:01:06]} 41. Rd2 {[%clk 0:00:28]} f5 {[%clk 0:00:40]}
42. Ra2 {[%clk 0:00:35]} Rd1 {[%clk 0:00:32]} 43. a6 {[%clk 0:00:43]} e3
{[%clk 0:00:40]} 44. a7 {[%clk 0:00:40]} Rd8 {[%clk 0:00:49]} 45. a8=Q
{[%clk 0:00:40]} Rxa8 46. Rxa8 {[%clk 0:00:48]} e2 {[%clk 0:00:49]} 47. Ra1
{[%clk 0:00:57]} f4 {[%clk 0:00:59]} 48. Kc3 {[%clk 0:01:04]} f3 {[%clk 0:01:05]}
49. Kd2 {[%clk 0:01:11]} 1-0

[Event "Russian Rapid Championship (m)"]
[Site "Sochi"]
[Date "2022.10.16"]
[Round "9.18"]
[White "Grebnev, Aleksey"]
[Black "Khripachenko, Alexander"]
[Result "1/2-1/2"]
[BlackElo "2170"]
[WhiteElo "2469"]
[LiveChessVersion "1.4.8"]

1. d4 {[%clk 0:15:14]} d5 {[%clk 0:14:58]} 2. c4 {[%clk 0:15:19]} e6
{[%clk 0:15:06]} 3. Nc3 {[%clk 0:15:24]} Be7 {[%clk 0:15:15]} 4. Nf3
{[%clk 0:15:26]} Nf6 {[%clk 0:15:23]} 5. Bf4 {[%clk 0:15:33]} O-O
{[%clk 0:15:29]} 6. e3 {[%clk 0:15:40]} b6 {[%clk 0:15:37]} 7. cxd5
{[%clk 0:15:39]} Nxd5 {[%clk 0:15:43]} 8. Nxd5 {[%clk 0:15:46]} exd5
{[%clk 0:15:50]} 9. Bd3 {[%clk 0:15:35]} c5 {[%clk 0:15:54]} 10. O-O
{[%clk 0:15:25]} c4 {[%clk 0:15:00]} 11. Bc2 {[%clk 0:15:33]} Nc6
{[%clk 0:15:07]} 12. h3 {[%clk 0:15:21]} Be6 {[%clk 0:15:09]} 13. Re1
{[%clk 0:14:57]} b5 {[%clk 0:13:51]} 14. Qe2 {[%clk 0:14:42]} f5 {[%clk 0:12:46]}
15. Ne5 {[%clk 0:14:39]} Nxe5 {[%clk 0:12:28]} 16. Bxe5 {[%clk 0:14:45]} a5
{[%clk 0:12:01]} 17. f3 {[%clk 0:14:41]} Bd6 {[%clk 0:11:44]} 18. Bxd6
{[%clk 0:14:45]} Qxd6 {[%clk 0:11:52]} 19. Rad1 {[%clk 0:14:48]} Qg3
{[%clk 0:08:43]} 20. Qf2 {[%clk 0:13:37]} Qxf2+ {[%clk 0:08:34]} 21. Kxf2
{[%clk 0:13:45]} a4 {[%clk 0:08:34]} 22. a3 {[%clk 0:13:05]} b4 {[%clk 0:07:12]}
23. axb4 {[%clk 0:13:04]} Rfb8 {[%clk 0:07:03]} 24. Ra1 {[%clk 0:11:43]} Rxb4
{[%clk 0:07:11]} 25. Ra2 {[%clk 0:11:52]} Rab8 {[%clk 0:06:26]} 26. Bxa4
{[%clk 0:10:41]} Rxb2+ {[%clk 0:06:15]} 27. Rxb2 {[%clk 0:10:47]} Rxb2+
{[%clk 0:06:23]} 28. Re2 {[%clk 0:10:54]} Rb4 {[%clk 0:06:18]} 29. Bc2
{[%clk 0:10:57]} Kf7 {[%clk 0:06:12]} 30. e4 {[%clk 0:10:35]} fxe4
{[%clk 0:05:55]} 31. fxe4 {[%clk 0:10:42]} dxe4 {[%clk 0:05:07]} 32. Bxe4
{[%clk 0:10:48]} Kf6 {[%clk 0:02:56]} 33. Bxh7 {[%clk 0:08:27]} c3
{[%clk 0:02:18]} 34. Rc2 {[%clk 0:06:14]} Rxd4 {[%clk 0:01:39]} 35. Rxc3
{[%clk 0:05:02]} Rd2+ {[%clk 0:01:48]} 36. Kf1 {[%clk 0:03:54]} Bd5
{[%clk 0:01:37]} 37. Rg3 {[%clk 0:02:42]} g5 {[%clk 0:01:32]} 38. Kg1
{[%clk 0:02:21]} Rxg2+ {[%clk 0:01:17]} 39. Rxg2 {[%clk 0:02:26]} Bxg2
{[%clk 0:01:26]} 40. Kxg2 {[%clk 0:02:35]} Kg7 {[%clk 0:01:35]} 41. Bb1
{[%clk 0:02:41]} Kh8 {[%clk 0:01:44]} 42. Kg3 {[%clk 0:02:49]} Kg7
{[%clk 0:01:54]} 43. Kg4 {[%clk 0:02:57]} Kh8 {[%clk 0:02:03]} 44. Be4
{[%clk 0:03:04]} Kg7 {[%clk 0:02:12]} 45. Ba8 {[%clk 0:03:11]} Kh8
{[%clk 0:02:20]} 46. Bh1 {[%clk 0:03:17]} Kg7 {[%clk 0:02:29]} 47. Kh5
{[%clk 0:02:46]} Kh8 {[%clk 0:02:33]} 48. Kxg5 {[%clk 0:02:52]} Kg7
{[%clk 0:02:42]} 49. Bd5 {[%clk 0:02:59]} Kh8 {[%clk 0:02:48]} 50. h4
{[%clk 0:03:08]} Kg7 {[%clk 0:02:57]} 51. h5 {[%clk 0:03:16]} Kh8
{[%clk 0:03:06]} 52. h6 {[%clk 0:03:24]} Kh7 {[%clk 0:03:15]} 53. Bg8+
{[%clk 0:03:33]} Kxg8 {[%clk 0:03:22]} 54. Kf6 {[%clk 0:03:41]} Kh7
{[%clk 0:03:29]} 55. Kg5 {[%clk 0:03:50]} Kg8 {[%clk 0:03:38]} 56. Kg6
{[%clk 0:03:58]} Kh8 {[%clk 0:03:48]} 57. h7 {[%clk 0:04:07]} 1/2-1/2

[Event "Russian Rapid Championship (m)"]
[Site "Sochi"]
[Date "2022.10.16"]
[Round "9.19"]
[White "Iljiushenok, Ilia"]
[Black "Vetokhin, Savva"]
[Result "1-0"]
[BlackElo "2250"]
[WhiteElo "2467"]
[LiveChessVersion "1.4.8"]

1. e4 {[%clk 0:15:17]} e5 {[%clk 0:15:18]} 2. Nf3 {[%clk 0:15:25]} Nf6
{[%clk 0:15:27]} 3. Nc3 {[%clk 0:15:19]} Nc6 {[%clk 0:15:18]} 4. Bb5
{[%clk 0:15:28]} Bb4 {[%clk 0:14:49]} 5. O-O {[%clk 0:15:30]} O-O
{[%clk 0:14:51]} 6. d3 {[%clk 0:15:39]} Bxc3 {[%clk 0:14:40]} 7. bxc3
{[%clk 0:15:47]} d6 {[%clk 0:14:49]} 8. Bxc6 {[%clk 0:15:25]} bxc6
{[%clk 0:14:56]} 9. Nd2 {[%clk 0:15:34]} Be6 {[%clk 0:14:12]} 10. Nb3
{[%clk 0:12:02]} Nd7 {[%clk 0:14:09]} 11. f4 {[%clk 0:11:56]} exf4
{[%clk 0:13:33]} 12. Bxf4 {[%clk 0:11:38]} c5 {[%clk 0:13:40]} 13. c4
{[%clk 0:11:11]} f5 {[%clk 0:13:36]} 14. Nd2 {[%clk 0:10:50]} fxe4
{[%clk 0:13:21]} 15. Nxe4 {[%clk 0:10:55]} Bf5 {[%clk 0:13:14]} 16. Nc3
{[%clk 0:08:33]} Be6 {[%clk 0:10:32]} 17. Qd2 {[%clk 0:07:12]} a6
{[%clk 0:10:06]} 18. Rae1 {[%clk 0:07:00]} Re8 {[%clk 0:07:21]} 19. Ne4
{[%clk 0:05:29]} Nf8 {[%clk 0:06:49]} 20. Bg5 {[%clk 0:02:34]} Qd7
{[%clk 0:06:52]} 21. Bf6 {[%clk 0:02:25]} Ng6 {[%clk 0:05:01]} 22. Bc3
{[%clk 0:02:34]} Bf5 {[%clk 0:04:31]} 23. Ng3 {[%clk 0:02:34]} Rxe1
{[%clk 0:03:41]} 24. Qxe1 {[%clk 0:02:12]} Re8 {[%clk 0:03:21]} 25. Qd2
{[%clk 0:02:14]} Bg4 {[%clk 0:03:00]} 26. h3 {[%clk 0:02:27]} Be6
{[%clk 0:02:14]} 27. Nh5 {[%clk 0:02:27]} Ne5 {[%clk 0:02:23]} 28. Bxe5
{[%clk 0:01:59]} dxe5 {[%clk 0:02:30]} 29. Qg5 {[%clk 0:02:08]} Kh8
{[%clk 0:02:28]} 30. Qxe5 {[%clk 0:02:08]} Bxc4 {[%clk 0:02:19]} 31. dxc4
{[%clk 0:01:57]} Qd4+ {[%clk 0:02:05]} 32. Qxd4 {[%clk 0:02:05]} cxd4
{[%clk 0:02:13]} 33. Rf7 {[%clk 0:02:03]} c5 {[%clk 0:02:20]} 34. Rc7
{[%clk 0:01:51]} h6 {[%clk 0:02:05]} 35. Kf2 {[%clk 0:01:52]} Rf8+
{[%clk 0:02:10]} 36. Ke2 {[%clk 0:01:53]} Re8+ {[%clk 0:02:18]} 37. Kd3
{[%clk 0:01:44]} Re3+ {[%clk 0:02:16]} 38. Kd2 {[%clk 0:01:53]} Re5
{[%clk 0:02:23]} 39. g4 {[%clk 0:01:47]} Re3 {[%clk 0:02:23]} 40. Rxg7
{[%clk 0:01:26]} Rxh3 {[%clk 0:02:30]} 41. Rg6 {[%clk 0:01:33]} Rh2+
{[%clk 0:02:36]} 42. Kc1 {[%clk 0:01:41]} Kh7 {[%clk 0:02:40]} 43. Rxa6
{[%clk 0:01:49]} Rh1+ {[%clk 0:02:46]} 44. Kb2 {[%clk 0:01:58]} Rh2
{[%clk 0:02:55]} 45. Rd6 {[%clk 0:02:01]} Rg2 {[%clk 0:03:00]} 46. a4
{[%clk 0:02:06]} 1-0